Kaucie a depozity z hľadiska dane z pridanej hodnoty

Kaucie a depozity zohrávajú dôležitú úlohu v podnikateľských obchodných vzťahoch, kde slúžia ako zabezpečovacie prostriedky. Právny význam zabezpečenia záväzku, ktorý predstavuje súhrn právnych prostriedkov umožňujúcich veriteľovi vytvoriť základné predpoklady pre uspokojenie pohľadávky v prípade, ž...

Descripción completa

Guardado en:
Detalles Bibliográficos
Autor principal: Mintál, Ján
Formato: Capítulo de libro
Lenguaje:eslovaco
Materias:
Etiquetas: Agregar Etiqueta
Sin Etiquetas, Sea el primero en etiquetar este registro!

MARC

LEADER 00000naa a2200000 4500
001 0308681
005 20250521104523.2
041 0 |a slo 
044 |a SK 
245 1 0 |a Kaucie a depozity z hľadiska dane z pridanej hodnoty  |c Ján Mintál 
520 |a Kaucie a depozity zohrávajú dôležitú úlohu v podnikateľských obchodných vzťahoch, kde slúžia ako zabezpečovacie prostriedky. Právny význam zabezpečenia záväzku, ktorý predstavuje súhrn právnych prostriedkov umožňujúcich veriteľovi vytvoriť základné predpoklady pre uspokojenie pohľadávky v prípade, že dlžník nesplní svoj dlh v stanovenom termíne. 
610 2 0 |a dane z hodnoty pridanej 
610 2 0 |a veritelia 
610 2 0 |a dlžníci 
610 2 0 |a záväzky 
610 2 0 |a pohľadávky 
610 2 0 |a vzťahy obchodné 
610 2 0 |a legislatíva 
100 1 |a Mintál, Ján